<?xml version="1.0" encoding="UTF-8"?>
<record
    xmlns:xsi="http://www.w3.org/2001/XMLSchema-instance"
    xsi:schemaLocation="http://www.loc.gov/MARC21/slim http://www.loc.gov/standards/marcxml/schema/MARC21slim.xsd"
    xmlns="http://www.loc.gov/MARC21/slim">

  <leader>03643nam a2200565Ia 4500</leader>
  <controlfield tag="001">314</controlfield>
  <controlfield tag="008">241029s9999    xx            000 0 und d</controlfield>
  <datafield tag="010" ind1=" " ind2=" ">
    <subfield code="a">282</subfield>
  </datafield>
  <datafield tag="041" ind1=" " ind2=" ">
    <subfield code="a">Espa&#xF1;ol</subfield>
  </datafield>
  <datafield tag="082" ind1=" " ind2=" ">
    <subfield code="a">NO APLICA</subfield>
  </datafield>
  <datafield tag="245" ind1=" " ind2="0">
    <subfield code="a">Incidencia de las estrategias pedag&#xF3;gicas utilizadas por los docentes en el aula en el proceso ense&#xF1;anza-aprendizaje en el &#xE1;rea de Ciencias Sociales en el Segundo Ciclo del Nivel Medio del Polit&#xE9;cnico Colombina Canario en el A&#xF1;o Escolar 2011-2012</subfield>
  </datafield>
  <datafield tag="260" ind1=" " ind2=" ">
    <subfield code="a">Santo Domingo</subfield>
  </datafield>
  <datafield tag="300" ind1=" " ind2=" ">
    <subfield code="a">100</subfield>
  </datafield>
  <datafield tag="520" ind1=" " ind2=" ">
    <subfield code="a">9</subfield>
  </datafield>
  <datafield tag="630" ind1=" " ind2=" ">
    <subfield code="a">Estrategia Docente</subfield>
  </datafield>
  <datafield tag="630" ind1=" " ind2=" ">
    <subfield code="a">Proceso de Ense&#xF1;anza-Aprendizaje</subfield>
  </datafield>
  <datafield tag="630" ind1=" " ind2=" ">
    <subfield code="a">Proceso de Evaluaci&#xF3;n</subfield>
  </datafield>
  <datafield tag="630" ind1=" " ind2=" ">
    <subfield code="a">Recursos Did&#xE1;cticos</subfield>
  </datafield>
  <datafield tag="650" ind1=" " ind2=" ">
    <subfield code="a">Gesti&#xF3;n Educativa</subfield>
  </datafield>
  <datafield tag="690" ind1=" " ind2=" ">
    <subfield code="a">Elaborado</subfield>
  </datafield>
  <datafield tag="700" ind1=" " ind2=" ">
    <subfield code="e">asesor</subfield>
    <subfield code="a">Adames, Adalberto </subfield>
  </datafield>
  <datafield tag="700" ind1=" " ind2=" ">
    <subfield code="e">autor</subfield>
    <subfield code="a">Matthws Beamont, Martha Georgina</subfield>
  </datafield>
  <datafield tag="700" ind1=" " ind2=" ">
    <subfield code="e">autor</subfield>
    <subfield code="a">Lora Castro , Marcelina</subfield>
  </datafield>
  <datafield tag="901" ind1=" " ind2=" ">
    <subfield code="a">{"1":"Matthws Beamont","2":"Lora Castro "}</subfield>
    <subfield code="b">{"1":"Martha Georgina","2":"Marcelina"}</subfield>
  </datafield>
  <datafield tag="902" ind1=" " ind2=" ">
    <subfield code="a">1</subfield>
  </datafield>
  <datafield tag="903" ind1=" " ind2=" ">
    <subfield code="a">{"1":"Adames"}</subfield>
    <subfield code="b">{"1":"Adalberto "}</subfield>
  </datafield>
  <datafield tag="904" ind1=" " ind2=" ">
    <subfield code="a">Maestr&#xED;a en</subfield>
  </datafield>
  <datafield tag="905" ind1=" " ind2=" ">
    <subfield code="a">Ciencias de la Educaci&#xF3;n</subfield>
  </datafield>
  <datafield tag="906" ind1=" " ind2=" ">
    <subfield code="a">1</subfield>
  </datafield>
  <datafield tag="907" ind1=" " ind2=" ">
    <subfield code="a">Menci&#xF3;n en</subfield>
  </datafield>
  <datafield tag="908" ind1=" " ind2=" ">
    <subfield code="a">Gesti&#xF3;n de Centros Educativos</subfield>
  </datafield>
  <datafield tag="909" ind1=" " ind2=" ">
    <subfield code="a">Universidad Abierta para Adultos (UAPA), Recinto Santo Domingo Oriental</subfield>
  </datafield>
  <datafield tag="910" ind1=" " ind2=" ">
    <subfield code="a">NULL</subfield>
    <subfield code="b">NULL</subfield>
  </datafield>
  <datafield tag="911" ind1=" " ind2=" ">
    <subfield code="a">["1"]</subfield>
  </datafield>
  <datafield tag="912" ind1=" " ind2=" ">
    <subfield code="a">NO APLICA</subfield>
  </datafield>
  <datafield tag="913" ind1=" " ind2=" ">
    <subfield code="a">NULL</subfield>
  </datafield>
  <datafield tag="914" ind1=" " ind2=" ">
    <subfield code="a">01 de Agosto de 2012</subfield>
  </datafield>
  <datafield tag="915" ind1=" " ind2=" ">
    <subfield code="a">20/07/15 12:07</subfield>
  </datafield>
  <datafield tag="916" ind1=" " ind2=" ">
    <subfield code="a">NULL</subfield>
  </datafield>
  <datafield tag="917" ind1=" " ind2=" ">
    <subfield code="a">NULL</subfield>
  </datafield>
  <datafield tag="918" ind1=" " ind2=" ">
    <subfield code="a">NO APLICA</subfield>
  </datafield>
  <datafield tag="919" ind1=" " ind2=" ">
    <subfield code="a">["94","163","164","175"]</subfield>
  </datafield>
  <datafield tag="520" ind1=" " ind2=" ">
    <subfield code="a">Los objetivos principales de este estudio consistieron en determinar c&#xF3;mo inciden las estrategias pedag&#xF3;gicas utilizadas por los docentes en el proceso de ense&#xF1;anza-aprendizaje en la asignatura de Ciencias Sociales en el Segundo Ciclo del Nivel Medio del Polit&#xE9;cnico Colombina Canario en el a&#xF1;o escolar 2011-2012 &#xA0;e identificar las estrategias utilizadas por los maestros en el &#xE1;rea de Ciencias Sociales &#xA0;para lograr aprendizaje significativo.La metodolog&#xED;a utilizada en este estudio fue de tipo descriptiva y como instrumento se utiliz&#xF3; el cuestionario, el an&#xE1;lisis, la observaci&#xF3;n y la entrevista.Se trabaj&#xF3; con una poblaci&#xF3;n de 266 &#xA0;personas que conforman dicho centro de la cual se tom&#xF3; como muestra 1 director, 1 coordinador, 2 maestros y 157 alumnos/a de la poblaci&#xF3;n del centro educativo.&#xA0;El estudio concluy&#xF3; que las estrategias m&#xE1;s utilizadas por los docentes en el aula son: investigaciones, exposiciones, formaci&#xF3;n de equipos de trabajos, elaboraci&#xF3;n de proyectos y monogr&#xE1;ficos, participaci&#xF3;n y trabajo dirigido en el aula, &#xA0;que cuando los docentes realizan debates y discusiones en el aula sobre temas sociales es cuando mayor participaci&#xF3;n le provoca. El 29% de los datos muestran que la estrategias de resoluci&#xF3;n de problemas utilizadas por los docentes es la que provoca mayor participaci&#xF3;n en los estudiantes, la de &#xA0;descubrir elementos, problemas, necesidades relacionada con el tema.El estudio concluy&#xF3; que los docentes sean m&#xE1;s espec&#xED;ficos en el uso de una determinada estrategia, variar la misma de acuerdo con los contenidos impartidos, que los docentes sean capaz de aplicar estrategias de resoluci&#xF3;n de problemas donde el estudiante pueda juzgar, analizar y transformar su realidad, que las estrategias planteadas por el docente no est&#xE9;n solo plasmadas en su planificaci&#xF3;n, sino que la misma juegue un rol importante en el proceso de ense&#xF1;anza aprendizaje.</subfield>
  </datafield>
  <datafield tag="921" ind1=" " ind2=" ">
    <subfield code="a">16</subfield>
  </datafield>
  <datafield tag="922" ind1=" " ind2=" ">
    <subfield code="a">16</subfield>
  </datafield>
  <datafield tag="923" ind1=" " ind2=" ">
    <subfield code="a">0</subfield>
  </datafield>
  <datafield tag="924" ind1=" " ind2=" ">
    <subfield code="a">NO APLICA</subfield>
  </datafield>
  <datafield tag="942" ind1=" " ind2=" ">
    <subfield code="c">Tesis</subfield>
  </datafield>
  <datafield tag="999" ind1=" " ind2=" ">
    <subfield code="c">282</subfield>
    <subfield code="d">282</subfield>
  </datafield>
</record>
